|
|
|
|
| LEADER |
01858nam a2200457 i 4500 |
| 001 |
EBC4332915 |
| 003 |
MiAaPQ |
| 005 |
20200520144314.0 |
| 006 |
m o d | |
| 007 |
cr cnu|||||||| |
| 008 |
170502t20152015gw a ob 001 0 eng|d |
| 020 |
|
|
|z 9783110450514
|
| 020 |
|
|
|a 9783110450521
|q (electronic bk.)
|
| 035 |
|
|
|a (MiAaPQ)EBC4332915
|
| 035 |
|
|
|a (Au-PeEL)EBL4332915
|
| 035 |
|
|
|a (CaPaEBR)ebr11140019
|
| 035 |
|
|
|a (OCoLC)939265182
|
| 040 |
|
|
|a MiAaPQ
|b eng
|e rda
|e pn
|c MiAaPQ
|d MiAaPQ
|
| 050 |
|
4 |
|a BF721
|b .W45 2015
|
| 082 |
0 |
|
|a 155.4
|2 23
|
| 245 |
0 |
4 |
|a The well-being of children :
|b philosophical and social scientific approaches /
|c Gottfried Schweiger, Gunter Graf (eds.) ; managing editor, Anna Michaelska ; language editors, Sarah Hanagarth, P. Christian Adamski.
|
| 264 |
|
1 |
|a Warsaw/Berlin :
|b De Gruyter Open,
|c [2015]
|
| 264 |
|
4 |
|c 2015
|
| 300 |
|
|
|a 1 online resource (176 pages) :
|b illustrations
|
| 336 |
|
|
|a text
|2 rdacontent
|
| 337 |
|
|
|a computer
|2 rdamedia
|
| 338 |
|
|
|a online resource
|2 rdacarrier
|
| 504 |
|
|
|a Includes bibliographical references and index.
|
| 588 |
|
|
|a Description based on online resource; title from PDF title page (ebrary, viewed May 2, 2017).
|
| 590 |
|
|
|a Electronic reproduction. Ann Arbor, MI : ProQuest, 2016. Available via World Wide Web. Access may be limited to ProQuest affiliated libraries.
|
| 650 |
|
0 |
|a Child development.
|
| 650 |
|
0 |
|a Child welfare.
|
| 650 |
|
0 |
|a Children
|x Social conditions.
|
| 655 |
|
4 |
|a Electronic books.
|
| 700 |
1 |
|
|a Schweiger, Gottfried,
|e editor.
|
| 700 |
1 |
|
|a Graf, Gunter,
|e editor.
|
| 700 |
1 |
|
|a Michalska, Anna,
|e editor.
|
| 700 |
1 |
|
|a Hanagarth, Sarah,
|e editor.
|
| 700 |
1 |
|
|a Adamski, P. Christian,
|e editor.
|
| 797 |
2 |
|
|a ProQuest (Firm)
|
| 856 |
4 |
0 |
|u https://ebookcentral.proquest.com/lib/matrademy/detail.action?docID=4332915
|z Click to View
|